| 000 | 00617nam a2200205 a 4500 | ||
|---|---|---|---|
| 005 | 20230927063733.0 | ||
| 008 | 050919s1999 mx r 000 0 spa d | ||
| 020 | _a9681103661 | ||
| 035 | _aUPN01000140144 | ||
| 049 | _aCG | ||
| 050 | 4 |
_aDS135 N6 _bL4.2 |
|
| 100 | 1 |
_aLee, Carol Ann, _d1969- |
|
| 245 | 1 | 0 |
_aBiografía de Ana Frank : _b1929-1945 / _cCarol Ann Lee ; tr. Mónica Rubio. |
| 260 |
_aMéxico : _bPlaza & Janés, _c1999. |
||
| 300 |
_a375 p. : _bil. |
||
| 600 | 1 | 4 |
_aFRANK, ANNA, _d1929-1945 _99894 |
| 650 | 7 |
_aHolocausto judío (1939-1945) _2 _9401 |
|
| 650 | 4 |
_aJudíos _zHolanda _92714 |
|
| 905 | _aLibro | ||
| 999 |
_c112292 _d112292 |
||